Edukačné centrum STU

Gespeichert in:
Bibliographische Detailangaben
1. Verfasser: Sabadošová, Viktória (Verfasst von)
Weitere Verfasser: Pifko, Henrich, 1959- (Betreuung Doktorarbeit)
Format: Manuskript Buch
Sprache:Slowakisch
Veröffentlicht: Bratislava 2015
Schlagworte:
Online-Zugang:http://is.stuba.sk/zp/portal_zp.pl?podrobnosti=59946
Tags: Tag hinzufügen
Keine Tags, Fügen Sie das erste Tag hinzu!

MARC

LEADER 00000ntm a22000003a 4500
001 stuzp52088
003 SK-STU
005 20210301135514.2
007 ta
008 150427s2015----xo-----f-mn---000-0-slo-d
040 |a STU  |b slo 
041 0 |a slo 
100 1 |a Sabadošová, Viktória  |u 052120  |4 aut  |U FAD Fakulta architektúry  |T FA Ústav ekologickej a experimentálnej architektúry  |X 58562  |U A2120  |Y 393  |7 58562 
242 0 1 |a Education center  |y eng 
245 1 0 |a Edukačné centrum STU 
260 |c 2015  |a Bratislava 
650 4 |a edukácia  |2 slo 
650 4 |a knižnica  |2 slo 
650 4 |a mediatéka  |2 slo 
650 4 |a library  |2 eng 
650 4 |a media library  |2 eng 
650 4 |a education  |2 eng 
700 1 |a Pifko, Henrich,  |d 1959-  |4 ths  |X 449  |7 A000000449 
856 4 |u http://is.stuba.sk/zp/portal_zp.pl?podrobnosti=59946  |u https://opac.crzp.sk/?fn=detailBiblioForm&sid=1080C1D973035A0874218AE98A31 
SQL |a stuzp52088  |b DBP  |c SLO  |d Edukačné centrum STU  |e 58562  |f Sabadošová, Viktória  |g 052120  |h 449  |i Pifko, Henrich  |j 20150611  |k 149  |l 05  |m http://is.stuba.sk/zp/portal_zp.pl?podrobnosti=59946  |n B-AU  |o 5.1.1. architektúra a urbanizmus